Cyclisme : Cyclistes Néerlandais en WT et ProTeam saison 2025 - Statistiques

Statistiques générales
  • Ce quiz a été pris 9 fois
  • Le résultat moyen est 18 sur 65
Statistiques - réponses
Hint Réponse % Correct
Alpecin-Deceuninck Mathieu VAN DER POEL
100%
Visma Lease a bike Dylan VAN BAARLE
71%
Alpecin-Deceuninck Tibor DEL GROSSO
71%
XDS Astana Team Cees BOL
57%
Team PicNic PostNL Fabio JAKOBSEN
57%
Team PicNic PostNL Julius VAN DEN BERG
57%
Groupama - FDJ Lars VAN DEN BERG
57%
EF Education-EasyPost Marijn VAN DEN BERG
57%
Visma Lease a bike Bart LEMMEN
43%
Team PicNic PostNL Casper VAN UDEN
43%
Visma Lease a bike Loe VAN BELLE
43%
Visma Lease a bike Olav KOOIJ
43%
Soudal - Quick Step Pascal EENKHOORN
43%
XDS Astana Team Wout POELS
43%
Lidl - Trek Bauke MOLLEMA
29%
Lidl - Trek Daan HOOLE
29%
Red Bull - BORA - hansgrohe Danny VAN POPPEL
29%
Euskatel Euskadi David DEKKER
29%
Team Jayco AlUla Dylan GROENEWEGEN
29%
Team PicNic PostNL Franck VAN DEN BROEK
29%
Cofidis Jan MAAS
29%
EF Education-EasyPost Jardi Christiaan VAN DER LEE
29%
Team Jayco AlUla Jelte KRIJNSEN
29%
Unibet Tietema Rockets Joren BLOEM
29%
Team Jayco AlUla Koen BOUWMAN
29%
Alpecin-Deceuninck Lars BOVEN
29%
Bahrain Victorious Mathijs PAASSCHENS
29%
XDS Astana Team Mike TEUNISSEN
29%
Q36.5 Milan VADER
29%
Soudal - Quick Step Pepijn REINDERINK
29%
Intermarché - Circus - Wanty Roel VAN SINTMAARTENSDIJK
29%
Lidl - Trek Sam OOMEN
29%
Visma Lease a bike Steven KRUIJSWIJK
29%
INEOS Grenadiers Thymen ARENSMAN
29%
Team PicNic PostNL Tim NABERMAN
29%
Team PicNic PostNL Timo ROOSEN
29%
Visma Lease a bike Wilco KELDERMAN
29%
Caja Rujal Alex MOLENAAR
14%
Tudor Pro Cycling Team Arvid DE KLEIJN
14%
Euskatel Euskadi Axel VAN DER TUUK
14%
Team PicNic PostNL Bram WELTEN
14%
XDS Astana Team Darren VAN BEKKUM
14%
Team Jayco AlUla Elmar REINDERS
14%
Team PicNic PostNL Enzo LEIJNSE
14%
Team PicNic PostNL Gijs LEEMREIZE
14%
Unibet Tietema Rockets Hartthijs DE VRIES
14%
Intermarché - Circus - Wanty Huub ARTZ
14%
XDS Astana Team Ide SCHELLING
14%
Unibet Tietema Rockets Jelle JOHANNINK
14%
Unibet Tietema Rockets Kevin INKELAAR
14%
Tudor Pro Cycling Team Maikel ZIJLAARD
14%
Bahrain Victorious Max VAN DER MEULEN
14%
Visma Lease a bike Menno HUISING
14%
Red Bull - BORA - hansgrohe Mick VAN DIJK
14%
Team PicNic PostNL Nils EEKHOFF
14%
Alpecin-Deceuninck Oscar RIESEBEEK
14%
Tudor Pro Cycling Team Rick PLUIMERS
14%
Q36.5 Sjoerd BAX
14%
Intermarché - Circus - Wanty Taco VAN DER HOORN
14%
Visma Lease a bike Tijmen GRAAT
14%
Red Bull - BORA - hansgrohe Tim VAN DIJK
14%
Unibet Tietema Rockets MARTIJN BUDDING
0%
Unibet Tietema Rockets Owen GELEIJN
0%
Team PicNic PostNL Timo DE JONG
0%
Unibet Tietema Rockets Wessel MOURIS
0%
Aucun quiz correspondant
Distribution des résultats
% des personnes avec chaque résultat
Percentile par nombre de réponses
Votre historique - résultats
Vous n’avez pas pris ce quiz